SAT Words HARD Click Quiz - S #19 - Daily Word Quiz! - Statistics

General Stats
  • This quiz has been taken 178 times
  • The average score is 10 of 16
Answer Stats
Hint Answer % Correct
Legal writ commanding an appearance before a court Subpoena
88%
Consecrated room where relics are held Sacrarium
85%
Add supplemental material; affix, attach Subjoin
83%
Navigation instrument used for measuring angles Sextant
80%
Strut flamboyantly in an exaggerative manner Sashay
76%
Liquid waste or refuse, especially remnants of food fed to pigs; or, drink in a gluttonous manner Swill
75%
Labourer who loads and unloads cargo from ships Stevedore
71%
Endlessly laborious yet ultimately fruitless Sisyphean
69%
Temporary respite or cessation of pain or suffering Surcease
68%
Barrage of weapons fire; fusillade Salvo
63%
Diligent, hardworking, persevering Sedulous
63%
Dull, torpid, sluggish Sodden
55%
Critical or censorious remark or comment; condemnation Stricture
53%
The ability to perform with effortless grace, nonchalance, or artful ease Sprezzatura
46%
Comprehensive treatise, typically in philosophy or theology Summa
41%
Squarely; directly, with military precision Spang
28%
No matching quizzes found
Score Distribution
Percent of People with Each Score
Percentile by Number Answered
Your Score History
You have not taken this quiz